April General Knowledge - Statistics

General Stats
  • This quiz has been taken 14 times
  • The average score is 7 of 10
Answer Stats
Question Answer % Correct
What Event has caused oil prices to sore War In the middle east
100%
Which Country has won 4 world cups but hasn't qualified for 3 consecutive tournaments. Italy
92%
Which Royal Figure confirmed State visit to the US to mark 250th year of independence Charles III
83%
Nasa launched a Rocket, where was it heading The Moon
83%
Which Major international sporting event took place in Italy in February. The Winter Olympics
75%
At the 68th Annual Grammy Awards who won album of the year Bad Bunny
58%
What is the name of the new controversial Apple Product that has caused lots of debate MacBook Neo
58%
What Rare Element reached a staggering $150 an Oz before crashing back down a month later Silver
50%
Who Won the Japanese Gran Prix Antonelli
42%
What Famous Audi Model has been discontinued this year A4
17%
No matching quizzes found
Score Distribution
Percent of People with Each Score
Percentile by Number Answered
Your Score History
You have not taken this quiz